| 000 | 00563nam a2200181 i 4500 | ||
|---|---|---|---|
| 001 | 92387 | ||
| 003 | ES-MaACL | ||
| 005 | 20230906180947.0 | ||
| 007 | t| | ||
| 008 | 050307s1967 sp ||||1| spa d | ||
| 100 | 1 |
_aLilley, Samuel. _972288 |
|
| 245 | 1 | 0 |
_aHombres, máquinas e historia / _cSamuel Lilley; [traducción Gregorio Ortiz]. |
| 250 | _a[2ª ed. revisada y ampliada]. | ||
| 260 |
_aMadrid : _bCiencia Nueva, _c[1967] |
||
| 300 |
_a359 p. : _b1 lám. ret. aut. ; _c22 cm. |
||
| 700 | 1 |
_aOrtiz, Gregorio. _987559 |
|
| 852 |
_aES-MaACL _jC-32309 _bR.62455 |
||
| 999 |
_c92387 _d92387 |
||